Documento firmado por [Ignacio Manuel Altamirando] dirigido a Eduardo Goroztiza (Record no. 4856)
[ view plain ]
| 000 -CABECERA | |
|---|---|
| campo de control de longitud fija | 01364nam a2200301 a 4500 |
| 001 - NÚMERO DE CONTROL | |
| campo de control | BRCA_5162 |
| 005 - FECHA Y HORA DE LA ÚLTIMA TRANSACCIÓN | |
| campo de control | 20190320204951.0 |
| 008 - DATOS DE LONGITUD FIJA--INFORMACIÓN GENERAL | |
| campo de control de longitud fija | 221110s1861----mx-######v---#000-0#spa-# |
| 041 ## - CÓDIGO DE LENGUA | |
| Código de lengua del texto/banda sonora o título independiente | spa |
| 044 ## - CÓDIGO DEL PAÍS DE LA ENTIDAD EDITORA/PRODUCTORA | |
| Código MARC del país | mx |
| 084 ## - OTRO NÚMERO DE CLASIFICACIÓN | |
| Número de clasificación | DOC109 |
| Número de documento/Ítem | .A48 |
| -- | 1861 |
| 100 1# - ENTRADA PRINCIPAL--NOMBRE DE PERSONA | |
| Nombre de persona | Altamirando,Ignacio Manuel |
| Títulos y otros términos asociados al nombre | Zarco |
| Fechas asociadas al nombre | 1834-1893 |
| 9 (RLIN) | 13203 |
| 245 10 - MENCIÓN DE TÍTULO | |
| Título | Documento firmado por [Ignacio Manuel Altamirando] dirigido a Eduardo Goroztiza |
| Mención de responsabilidad, etc. | [Ignacio Manuel Altamirando], Eduardo Goroztiza. |
| 260 ## - PUBLICACIÓN, DISTRIBUCIÓN, ETC. | |
| Lugar de publicación, distribución, etc. | México |
| Fecha de publicación, distribución, etc. | 1861 |
| 300 ## - DESCRIPCIÓN FÍSICA | |
| Extensión | [2} fojas |
| Dimensiones | 33 x 22 cm |
| 500 ## - NOTA GENERAL | |
| Nota general | Documento firmado el 31 de enero de 1861 |
| 500 ## - NOTA GENERAL | |
| Nota general | El Zarco escribe al ministro de Hacienda, la urgencia de entregar a Goroztiza algunos sueldos devengados por encontrarse este en problemas económicos |
| 500 ## - NOTA GENERAL | |
| Nota general | Documento firmado por el seudónimo ´Zarco´ |
| 500 ## - NOTA GENERAL | |
| Nota general | El documento contiene la leyenda DOC. #273 |
| 500 ## - NOTA GENERAL | |
| Nota general | Estado de conservación: Contiene manchas de acidificación |
| 506 0# - NOTA DE RESTRICCIONES AL ACCESO | |
| Limitaciones de acceso | Fondo reservado: para su consulta es necesario credencial de usuario y carta de motivos |
| 546 ## - NOTA DE LENGUA/LENGUAJE | |
| Nota de lengua/lenguaje | Texto en: español de mediados del siglo XIX |
| 600 14 - PUNTO DE ACCESO ADICIONAL DE MATERIA--NOMBRE DE PERSONA | |
| Nombre de persona | Altamirando, Ignacio Manuel |
| Títulos y otros términos asociados al nombre | Zarco |
| Fechas asociadas al nombre | 1834-1893 |
| 9 (RLIN) | 13204 |
| 650 14 - PUNTO DE ACCESO ADICIONAL DE MATERIA--TÉRMINO DE MATERIA | |
| Término de materia o nombre geográfico como elemento de entrada | Diplomacia |
| Subdivisión de forma | Manuscrito |
| Subdivisión general | Documentos legales |
| Subdivisión cronológica | Constitución y reforma, 1855-1863 |
| Subdivisión geográfica | México |
| 9 (RLIN) | 13205 |
| 700 1# - PUNTO DE ACCESO ADICIONAL--NOMBRE DE PERSONA | |
| Nombre de persona | Goroztiza, Eduardo |
| 9 (RLIN) | 13206 |
| 902 ## - CATALOGADOR | |
| Iniciales | FDH |
| 942 ## - ELEMENTOS DE PUNTO DE ACCESO ADICIONAL (KOHA) | |
| Fuente del sistema de clasificación o colocación | Library of Congress Classification |
| Tipo de ítem Koha | Documentos |
| Estado de retiro | Estado de pérdida | Estado dañado | No para préstamo | Localización permanente | Ubicación/localización actual | Fecha de adquisición | Total de préstamos | Signatura topográfica completa | Código de barras | Fecha visto por última vez | Precio válido a partir de | Tipo de ítem Koha |
|---|---|---|---|---|---|---|---|---|---|---|---|---|
| El ejemplar forma parte de la colección y puede ser consultado según las políticas vigentes. | Biblioteca del Museo Franz Mayer (Rogerio Casas-Alatriste) | Biblioteca del Museo Franz Mayer (Rogerio Casas-Alatriste) | 22/11/2010 | DOC109 .A48 1861 | 5506 | 22/03/2019 | 22/03/2019 | Documentos |